Bad private landlords are let off the hook (Record no. 80840)
[ view plain ]
| 000 -LEADER | |
|---|---|
| fixed length control field | 01048cab a22002055a 4500 |
| 001 - CONTROL NUMBER | |
| control field | L145500 |
| 008 - FIXED-LENGTH DATA ELEMENTS--GENERAL INFORMATION | |
| fixed length control field | 081015e20081011xxk f v 000 0 eng d |
| 035 ## - SYSTEM CONTROL NUMBER | |
| System control number | (Sirsi) u145500 |
| 041 0# - LANGUAGE CODE | |
| Language code of text/sound track or separate title | eng |
| 100 1# - MAIN ENTRY--PERSONAL NAME | |
| Personal name | Barge, Lisa |
| 245 00 - TITLE STATEMENT | |
| Title | Bad private landlords are let off the hook |
| 260 ## - PUBLICATION, DISTRIBUTION, ETC. | |
| Date of publication, distribution, etc. | 2008 |
| 490 #0 - SERIES STATEMENT | |
| Series statement | Estates Gazette |
| Volume/sequential designation | (0840) 11 October 2008, 170(1) |
| 520 ## - SUMMARY, ETC. | |
| Summary, etc. | The second of two articles (see also L145499) argues that the Law Commission's recommendations contained in its 2008 report "Ensuring Responsible Letting" (see L144869), have failed to strike the right balance. Focuses on four areas of the report which highlight the criticisms: landlord accreditation schemes; the creation of a housing standards monitor supported by a stakeholder board; the development of a housing management code of practice; and the adoption of a code of practice governing letting agencies. |
| 590 ## - LOCAL NOTE (RLIN) | |
| Local note | KA |
| 650 24 - SUBJECT ADDED ENTRY--TOPICAL TERM | |
| Topical term or geographic name entry element | ENSURING RESPONSIBLE LETTING |
| 651 #4 - SUBJECT ADDED ENTRY--GEOGRAPHIC NAME | |
| Geographic name | England and Wales |
| Chronological subdivision | 1543- |
| 690 ## - LOCAL SUBJECT ADDED ENTRY--TOPICAL TERM (OCLC, RLIN) | |
| Topical term or geographic name as entry element | Residential property |
| 9 (RLIN) | 6266 |
| 942 ## - ADDED ENTRY ELEMENTS (KOHA) | |
| Suppress in OPAC | 0 |
| Withdrawn status | Lost status | Source of classification or shelving scheme | Damaged status | Not for loan | Home library | Current library | Shelving location | Date acquired | Total Checkouts | Full call number | Barcode | Date last seen | Copy number | Price effective from | Koha item type |
|---|---|---|---|---|---|---|---|---|---|---|---|---|---|---|---|
| Dewey Decimal Classification | London | London | Journal article | 15/10/2008 | L145500 | 145500-1001 | 06/08/2019 | 1 | 06/08/2019 | Journal article |